00521nam a2200193Ia 4500008004100000041001200041082001200053100003700065245003700102260004400139300000800183365000800191520001400199546001200213630003700225650001400262655001400276730003700290101110s9999 xx 000 0 und d aENGLISH bSR24734 aDesai S.S.M. and Bhalerao Nirmal aEconomic history of India (TYBA) c2001bHimalaya Publishing House, Mumbai a372 b125 aEconomics aENGLISH aEconomic history of India (TYBA) aEconomics aEconomics aEconomic history of India (TYBA)